Elephant trap (Record no. 71046)

MARC details
000 -LEADER
fixed length control field 01107cam a2200205 4500
001 - CONTROL NUMBER
control field ABS65880
008 - FIXED-LENGTH DATA ELEMENTS--GENERAL INFORMATION
fixed length control field 020829n2002 000 0 eng u
035 ## - SYSTEM CONTROL NUMBER
System control number (Sirsi) u119491
100 ## - MAIN ENTRY--PERSONAL NAME
Personal name Macdonald, S.
245 ## - TITLE STATEMENT
Title Elephant trap
260 ## - PUBLICATION, DISTRIBUTION, ETC.
Date of publication, distribution, etc. 2002
490 ## - SERIES STATEMENT
Series statement Housing Today
Volume/sequential designation (298) 22 August 2002, 17-19(3)
520 ## - SUMMARY, ETC.
Summary, etc. Discusses England's largest regeneration project at Elephant & Castle. It has been running for three years, spent £33m of public and private money but is not successful. Examines the history of the project to find out what has gone wrong. In 2000 the council chose a package put forward by Southwark Land Regeneration . The council terminated the agreement with the SLR in April this year amid accusations of malpractice. Further problems have occurred with a dispute between Elephant Links Partnership Board and the forum it had set up to ensure that the views of residents were taken into account.
590 ## - LOCAL NOTE (RLIN)
Local note ABS
650 ## - SUBJECT ADDED ENTRY--TOPICAL TERM
Topical term or geographic name entry element ELEPHANT AND CASTLE
650 ## - SUBJECT ADDED ENTRY--TOPICAL TERM
Topical term or geographic name entry element REGENERATION PROJECTS
650 ## - SUBJECT ADDED ENTRY--TOPICAL TERM
Topical term or geographic name entry element ELEPHANT LINKS PARTNERSHIP
690 ## - LOCAL SUBJECT ADDED ENTRY--TOPICAL TERM (OCLC, RLIN)
Topical term or geographic name as entry element REGENERATION
942 ## - ADDED ENTRY ELEMENTS (KOHA)
Suppress in OPAC 0
Holdings
Withdrawn status Lost status Source of classification or shelving scheme Damaged status Not for loan Home library Current library Shelving location Date acquired Total Checkouts Full call number Barcode Date last seen Copy number Price effective from Koha item type
    Dewey Decimal Classification     London London Journal article 29/08/2002   ABS65880 119491-1001 06/08/2019 1 06/08/2019 Journal article